Footballers By Picture and By Letter -- 'C' - Statistics

General Stats
  • This quiz has been taken 174 times
  • The average score is 12 of 20
Answer Stats
Picture Hint Answer % Correct
Netherlands Johan Cruyff
95%
Spain Iker Casillas
94%
Brazil Roberto Carlos
93%
Brazil Cafu
91%
Uruguay Edinson Cavani
91%
Spain Dani Carvajal
88%
Brazil Philippe Coutinho
86%
England Bobby Charlton
85%
Ecuador Moisés Caicedo
75%
Italy Fabio Cannavaro
73%
Argentina Hernan Crespo
72%
Portugal João Cancelo
72%
England Andy Cole
66%
Argentina Esteban Cambiasso
58%
Netherlands Phillip Cocu
28%
Spain Santiago Canizares
23%
Argentina Claudio Caniggia
19%
Peru Teófilo Cubillas
17%
Belgium Jan Ceulemans
14%
Brazil Cristiane
7%
No matching quizzes found
Score Distribution
Percent of People with Each Score
Percentile by Number Answered
Your Score History
You have not taken this quiz